| 000 | 00772nam a22002177a 4500 | ||
|---|---|---|---|
| 999 |
_c5186 _d5186 |
||
| 003 | AR-CdUCM | ||
| 008 | 190312b ||||| |||| 00| 0 spa d | ||
| 040 |
_aMUNICIPALIDAD PROVINCIAL DEL CUSCO _cBIBLIOTECA MUNICIPAL DEL CUSCO |
||
| 082 |
_a869.624 / _bC93 |
||
| 100 |
_aCuadra, José de la _915737 |
||
| 245 |
_aCuentos escogidos: _blos sangurimas; horno y otros relatos / |
||
| 260 |
_aGuayaquil : _bPublicaciones Educativas "Ariel", |
||
| 300 |
_a186 páginas ; _c17.5 cm. |
||
| 500 | _aDonación de la familia Nieto. | ||
| 505 | _aContenido: t.1 -- t.2 Cuentos varios. | ||
| 650 |
_aNarrativa - Ecuador - Siglo XX _915738 |
||
| 650 |
_aNarradores ecuatorianos _915739 |
||
| 650 |
_aJosé de la Cuadra - Cuentos _915740 |
||
| 942 |
_2ddc _cLIBROS |
||
| 945 | _alccs | ||